Ztráty v průmyslovém podnikání

Guardado en:
Detalles Bibliográficos
Formato: Libro
Lenguaje:checo
Publicado: Praha Samcovo knihkupectví 1948
Etiquetas: Agregar Etiqueta
Sin Etiquetas, Sea el primero en etiquetar este registro!

MARC

LEADER 00000nam a2200000 4500
001 0267847
005 20240822101710.7
041 0 |a cze 
044 |a CZ 
245 1 0 |a Ztráty v průmyslovém podnikání  |c P. Tykal 
264 1 |a Praha  |b Samcovo knihkupectví  |c 1948